000 00336nam a2200145Ia 4500
003 OSt
008 191201s2015 xx 000 0 und d
082 _a346.065
_bKUB
100 _aKUCHHAL, M.C.
245 0 _aBusiness Legislation for Management
260 _aNew Delhi
_bVikas
_c2015
300 _a656
650 _aBBA
942 _2ddc
_cBK
999 _c6201
_d6201